Normal view
MARC view
- Amer, Qureshi
Entry Corporate Name
001 - CONTROL NUMBER
- control field: 123150
003 - CONTROL NUMBER IDENTIFIER
- control field: NUST
005 - DATE AND TIME OF LATEST TRANSACTION
- control field: 20240603125536.0
008 - FIXED-LENGTH DATA ELEMENTS
- fixed length control field: 240603|| aca||aabn | a|a d
040 ## - CATALOGING SOURCE
- Original cataloging agency: NUST
- Transcribing agency: NUST
110 ## - HEADING--CORPORATE NAME
- Corporate name or jurisdiction name as entry element: Amer, Qureshi
670 ## - SOURCE DATA FOUND
- Source citation: Work cat.: (NUST): Qaiser, Abbas 123147, Leadership Insights:, 2016.
